| 000 | 00421nam a2200145 4500 | ||
|---|---|---|---|
| 001 | 112021 | ||
| 003 | ES-MaACL | ||
| 007 | t| | ||
| 008 | 061121s1979 sp r ||||1| spa d | ||
| 100 | 1 |
_aNezar Ahmad Al-Sabbagh. _985521 |
|
| 245 | 1 | 0 |
_aAl-Hayy = La peregrinación / _cpor Nezar Ahmad Al-Sabbagh. |
| 260 |
_aGranada : _bLa Casa Islámica, _c1979. |
||
| 300 |
_a117 p. ; _c17 cm. |
||
| 852 |
_aES-MaACL _jL-4013 _bR.102538 |
||
| 999 |
_c112021 _d112021 |
||